Musicians By Initial: The Letter - S - Statistics

General Stats
  • This quiz has been taken 135 times
  • The average score is 10 of 23
Answer Stats
Inits Clue Answer % Correct
SO Irish singer who did Nothing Compares 2U. Sadly passed away in 2023. Sinead O'Connor
94%
ST Lead singer for Aerosmith Steven Tyler
91%
SN American singer. She joined Fleetwood Mac in 1975 Stevie Nicks
87%
SD Member of the Ratpack. Sang Mr Bojangles. Sammy Davis Jr
75%
SW American Tamla Motown legend. Albums include Innervisions & Songs In The Key of Life Stevie Wonder
69%
SL Duran Duran vocalist Simon LeBon
63%
SE Subject of 1980 BBC TV series The Big Time. 9 to 5 (Morning Train) was her breakthrough hit. Sheena Easton
61%
SB Scottish singer. She came to prominence in the 2008 edition of Britain's Got Talent Susan Boyle
58%
SV American singer songwriter. Tom's Diner, Luka, Left Of Center Suzanne Vega
58%
SQ American female rocker. Did 48 Crash, Can The Can, Devil Gate Drive Suzi Quatro
53%
SS Family Affair Sly Stone
46%
SJ Sex Pistols' lead guitarist Steve Jones
44%
SC Had hits with You Send Me, Only Sixteen, Chain Gang Sam Cooke
35%
SM Pogues front man Shane McGowan
29%
SR 'Madchester' vocalist for the Happy Mondays Shaun Ryder
28%
SH Make Me Smile (Come Up and See Me) Steve Harley
26%
SF 'The Father of American Music' (1826-1864) He wrote Oh Susanna, Camptown Races, My Old Kentucky Home Stephen Foster
18%
SA Frontman of Big Black. Produced Nirvana's In Utero. Steve Albini
15%
SP Bass player for UK Glam Rock band The Sweet Steve Priest
11%
SK Performed in the original stage version of 'Hair' Became vocalist for Curved Air Sonja Kristina
9%
SG French jazz violinist (1908 - 1997) In 1934 he co-founded the Quintette du Hot Club de France Stephane Grappelli
9%
SY American/German dance-pop singer. If Only I Could, and Sit and Wait made the UK top twenty in 1989 Sydney Youngblood
9%
SI Singer and co-founder of anarchist punk band Crass Steve Ignorant
8%
No matching quizzes found
Score Distribution
Percent of People with Each Score
Percentile by Number Answered
Your Score History
You have not taken this quiz